Statystyki dla Miasta Satelitarne #2

Kliknij tutaj aby rozwiązać quiz!

Ogólne statystyki

  • Ten quiz został rozwiązany 159 razy
  • Średni wynik to 3 z 15

Statystyki odpowiedzi

Odpowiedź% Poprawnych
Paryż
79%
Nowy Jork
74%
Tokio
40%
San Francisco
34%
Toronto
25%
Hongkong
18%
Neapol
12%
Petersburg
12%
Kapsztad
11%
Seattle
11%
Marsylia
9%
Lagos
6%
Mekka
6%
Nowy Orlean
5%
Manila
2%

Rozkład punktacji

Percentyl według liczby udzielonych odpowiedzi

Procent ludzi z każdym wynikiem

Twoja historia wyników

Nie rozwiązałeś tego quizu